Statistics for Anatomical Adjectives Click Quiz

Click here to take the quiz!

General Stats

  • This quiz has been taken 50 times
  • The average score is 16 of 20

Answer Stats

HintAnswer% Correct
Cardiac Contusion! He bruised his:Heart
95%
Pancreatic Contusion! He bruised his:Pancreas
95%
Spinal Contusion! He bruised his:Backbone
92%
Appendiceal Contusion! He bruised his:Appendix
89%
Cerebral Contusion! He bruised his:Brain
89%
Skeletal Contusion! He bruised his:Bones
87%
Splenic Contusion! He bruised his:Spleen
87%
Gastric Contusion! He bruised his:Stomach
87%
Cochlear Contusion! He bruised his:Inner Ear
84%
Dermal Contusion! He bruised his:Skin
82%
Venous Contusion! He bruised his:Veins
82%
Hematologic Contusion! He bruised his:Blood
76%
Pharyngeal Contusion! He bruised his:Throat
76%
Hepatic Contusion! He bruised his:Liver
74%
Renal Contusion! He bruised his:Kidneys
71%
Lingual Contusion! He bruised his:Tongue
68%
Pulmonary Contusion! He bruised his:Lungs
66%
Laryngeal Contusion! He bruised his:Voice Box
63%
Cholecystic Contusion! He bruised his:Gallbladder
47%
Vesical Contusion! He bruised his:Bladder
39%

Score Distribution

Percentile by Number Answered

Percent of People with Each Score

Your Score History

You have not taken this quiz